000 01383cam a22003254a 4500
001 16948329
005 20170105102849.0
008 110906s2012 cau b 001 0 eng
010 _a 2011036502
020 _a9781609941246 (hardcover : alk. paper)
040 _aDLC
_cDLC
_dDLC
042 _apcc
043 _aa-cc---
_an-us---
050 0 0 _aJQ1510
_b.L44 2012
082 0 0 _a320.951
_223
100 1 _aLee, Ann,
_cMBA.
245 1 0 _aWhat the U.S. can learn from China :
_ban open-minded guide to treating our greatest competitor as our greatest teacher /
_cAnn Lee.
246 3 _aWhat the United States can learn from China
250 _a1st ed.
260 _aSan Francisco :
_bBerrett-Koehler Publishers,
_c2012.
300 _axvii, 267 p. ;
_c24 cm.
504 _aIncludes bibliographical references and index.
505 0 _aThe China miracle -- Confucian philosophy -- Meritocracy -- Five-year plans -- Special economic zones -- Real economy first -- Soft power -- Cocreating a better world -- Epilogue: what China can learn from America.
651 0 _aChina
_xPolitics and government
_y1949-
651 0 _aUnited States
_xRelations
_zChina.
651 0 _aChina
_xRelations
_zUnited States.
906 _a7
_bcbc
_corignew
_d1
_eecip
_f20
_gy-gencatlg
942 _2ddc
_cBK
999 _c14195
_d14195